000 00455nam a2200193Ia 4500
003 OSt
005 20140312153249.0
008 140130s9999 xx 000 0 und d
050 _aPZ 7
_b.B78973h12 2003
100 _aBrooke, Lauren
245 _cLauren Brooke
_aSooner or Later /
260 _bScholastic,
_c2003.
_aNew York :
300 _a150 p. :
_c21 cm.
440 _v1
521 _aG3
526 _c570
942 _cBK
_2lcc
999 _c40683
_d40683